| 000 | 00600nam a22001931 4500 | ||
|---|---|---|---|
| 001 | sa 68006358 | ||
| 003 | DLC | ||
| 005 | 20260227112516.0 | ||
| 008 | 710915s1960 ii b 00010 eng | ||
| 010 | _asa 68006358 | ||
| 043 | _aa-ii--- | ||
| 050 | 0 |
_aHF1171.I4 _bL8 |
|
| 100 | 1 | 0 |
_aLulla, Basant P., _d1919- |
| 245 | 1 | 0 |
_aTeaching of commerce in secondary schools _c[by] B. P. Lulla. |
| 260 | 0 |
_a[Baroda] _bFaculty of Education and Psychology, Maharaja Sayajirao University of Baroda _c[1960] |
|
| 300 |
_a80 p. _c22 cm. |
||
| 504 | _aBibliography: p. 80. | ||
| 650 | 0 |
_aBusiness education _zIndia. |
|
| 999 |
_c81279 _d81279 |
||